Viviendas en bloques aislados /

সংরক্ষণ করুন:
গ্রন্থ-পঞ্জীর বিবরন
প্রধান লেখক: Cambi, Enrico (autor)
অন্যান্য লেখক: Gobbi, Grazia (autor) (autor), Steiner, Giovanna Balzanetti (autor) (autor)
বিন্যাস: গ্রন্থ
ভাষা:স্প্যানিশ
প্রকাশিত: México : Gustavo Gili, 1992, c1992
বিষয়গুলি:
ট্যাগগুলো: ট্যাগ যুক্ত করুন
কোনো ট্যাগ নেই, প্রথমজন হিসাবে ট্যাগ করুন!

MARC

LEADER 00000nam^a2200000^a^4500
001 000053025
005 20250521000000.0
009 20260310090417.164
020 |a 968-887-187-7 
037 |a Acervo ITESO - Biblioteca 
041 |a ESP 
082 |a 728. 314  |b CAM 
100 |a Cambi, Enrico  |e (autor) 
245 1 0 |a Viviendas en bloques aislados /  |c E. Cambi, Grazia Gobbi, Giovanna Balzanetti Steiner ; tr. por Carlos Gómez González. 
264 4 |a México :  |b Gustavo Gili,  |c 1992, c1992 
300 |a 182 p. 
336 |a texto  |b txt  |2 rdacontenido 
337 |a sin mediación  |b n  |2 rdamedio 
338 |a volumen  |b nc  |2 rdasoporte 
649 |a XX 
650 |a Departamentos 
650 |a Vivienda 
650 |a Diseño Arquitectónico 
650 |a Arquitectura 
700 |a Gobbi, Grazia  |e (autor) 
700 |a Steiner, Giovanna Balzanetti  |e (autor) 
910 |a Fondo General 
920 |a Impresos - Libros 
930 |a Colección General 
905 |a 101 
901 |a 0500010631  |b IT1  |c ACC  |u 20250521 
902 |a https://opac.biblio.iteso.mx/vufind/Record/000053025